000 00356nam a2200133Ia 4500
008 240624s9999 xx 000 0 und d
041 _aeng
082 _a332.64 HEN
100 _aHENRIQUES DIANA B
245 _aFIRST CLASS CATASTROPHE THE ROAD TO BLAC
260 _c2017
_aNew York
_bHenry Holt and Co
300 _axviii, 393 p.; 23 cm.
365 _c
_b35
999 _c31618
_d31618